LIBRARY & INFORMATION CENTRE, KCAET, TAVANUR

ONLINE PUBLIC ACCESS CATALOGUE (OPAC)

Engineering Mechanics Statics (Record no. 14262)

MARC details
000 -LEADER
fixed length control field 00316nam a22001217a 4500
020 ## - INTERNATIONAL STANDARD BOOK NUMBER
ISBN 9788131514108
082 ## - DEWEY DECIMAL CLASSIFICATION NUMBER
Classification number 620.101
Item number SOU/EN
100 ## - MAIN ENTRY--AUTHOR NAME
Personal name Soutas Little, Robert. W
-- Inman, Daniel. J
245 ## - TITLE STATEMENT
Title Engineering Mechanics Statics
260 ## - PUBLICATION, DISTRIBUTION, ETC. (IMPRINT)
Place of publication New delhi
Name of publisher Cengage Learning
Year of publication 2010
300 ## - PHYSICAL DESCRIPTION
Number of Pages 412
942 ## - ADDED ENTRY ELEMENTS (KOHA)
Koha item type Books
Holdings
Withdrawn status Lost status Damaged status Collection code Home library Current library Shelving location Date acquired Source of acquisition Cost, normal purchase price Full call number Accession Number Koha item type
        KAUAET KAUAET General Stacks 10/06/2016 Penta Books, Calicut 350.00 620.101 SOU/EN 24210 Books
free website counter